[Event "ESCC 2014 - 50+ Blitz"]
[Site "Porto POR"]
[Date "2014.03.21"]
[Round "1.1"]
[White "Furman, Boris"]
[Black "Glek, Igor"]
[Result "1-0"]
[WhiteElo "2225"]
[BlackElo "2547"]
[PlyCount "176"]
[EventDate "2014.??.??"]

1. d4 e6 2. c4 f5 3. Nc3 Bb4 4. Bd2 Nf6 5. Qc2 O-O 6. e3 b6 7. Bd3 Bb7 8. f3 c5
9. a3 Ba5 10. dxc5 bxc5 11. Nge2 Nc6 12. O-O Ne5 13. Nf4 Bc7 14. Rad1 Qe8 15.
Be2 a6 16. Be1 Rc8 17. Bg3 g5 18. Nh3 Qg6 19. f4 Neg4 20. Bxg4 Nxg4 21. Qe2
gxf4 22. Nxf4 Bxf4 23. exf4 Rcd8 24. Rd6 Bc6 25. Rfd1 Rde8 26. Bf2 Nf6 27. Bxc5
Rf7 28. Bd4 Ne4 29. Nxe4 fxe4 30. Be5 Rf5 31. R1d2 Rh5 32. Qf2 Rf8 33. Qg3 Qxg3
34. hxg3 Rhf5 35. Kf2 h5 36. Ke3 Kf7 37. Rd1 Kg6 38. Rh1 R5f7 39. Rh4 Rh7 40.
g4 hxg4 41. Rxg4+ Kf7 42. Rg5 Rg8 43. Rxg8 Kxg8 44. Rd1 Rh2 45. Rg1 Rh7 46. Kd4
Kf7 47. Kc5 Rh6 48. Kb6 Rg6 49. g4 e3 50. g5 e2 51. Re1 Bf3 52. Kxa6 Rg8 53.
Bc3 Rc8 54. Kb5 Kg6 55. c5 Kf5 56. b4 Kxf4 57. g6 Ke3 58. g7 Kf2 59. a4 Bc6+
60. Kc4 Bxa4 61. b5 Rb8 62. b6 Bc6 63. Ra1 Rg8 64. Bd4+ Kf3 65. Rg1 Bd5+ 66.
Kb5 Ke4 67. Bc3 Kd3 68. Ba5 e5 69. Be1 e4 70. Kb4 e3 71. Bc3 Ra8 72. Be1 Kc2
73. Kb5 Kb3 74. b7 Rb8 75. g8=Q Bxg8 76. Kb6 Bd5 77. Kc7 Rxb7+ 78. Kd6 Bc6 79.
Rg3 Kc2 80. Rxe3 Kd1 81. Bh4 Rb4 82. Bg3 Rd4+ 83. Ke5 Bb5 84. Kxd4 Kd2 85. Re7
Bc6 86. Ke5 e1=Q+ 87. Bxe1+ Kxe1 88. Kd6+ Kd2 1-0

[Event "ESCC 2014 - 50+ Blitz"]
[Site "Porto POR"]
[Date "2014.03.21"]
[Round "1.2"]
[White "Sturua, Zurab"]
[Black "Bebchuk, Boris"]
[Result "1-0"]
[WhiteElo "2525"]
[BlackElo "2191"]
[PlyCount "47"]
[EventDate "2014.??.??"]

1. Nf3 Nf6 2. d4 d5 3. c4 c6 4. e3 e6 5. Nbd2 Nbd7 6. b3 Bd6 7. Bb2 O-O 8. Bd3
Re8 9. O-O h6 10. e4 dxe4 11. Nxe4 Nxe4 12. Bxe4 Qc7 13. Bc2 Nf8 14. Re1 b6 15.
Ne5 Bb7 16. Qh5 Rad8 17. Ng4 Qe7 18. h4 Nh7 19. d5 Qf8 20. dxe6 Rxe6 21. Rxe6
fxe6 22. Qg6 e5 23. Nxh6+ Kh8 24. Qxh7# 1-0

[Event "ESCC 2014 - 50+ Blitz"]
[Site "Porto POR"]
[Date "2014.03.21"]
[Round "1.3"]
[White "Bogumil, Tatiana"]
[Black "Arkell, Keith C"]
[Result "0-1"]
[WhiteElo "2159"]
[BlackElo "2433"]
[PlyCount "90"]
[EventDate "2014.??.??"]

1. Nf3 Nf6 2. c4 c5 3. b3 g6 4. Bb2 Bg7 5. g3 O-O 6. Bg2 d6 7. d4 Ne4 8. O-O
Nc6 9. e3 Bd7 10. h3 Rb8 11. Nc3 Nxc3 12. Bxc3 b5 13. cxb5 Rxb5 14. Qd2 cxd4
15. Nxd4 Nxd4 16. Bxd4 Bxd4 17. Qxd4 a5 18. Rfc1 Rb4 19. Qa7 Bf5 20. Rc7 a4 21.
bxa4 e6 22. Rd7 Qf6 23. Rd1 d5 24. Rb7 Rc4 25. Rc7 Rxc7 26. Qxc7 Qb2 27. Qa5
Qxa2 28. Rd2 Qa1+ 29. Kh2 Rc8 30. h4 h5 31. Qb4 Qe1 32. Qb2 Rc1 33. g4 Qg1+ 34.
Kg3 hxg4 35. Qb8+ Kg7 36. Qe5+ Kh7 37. Qf6 Rc7 38. Rb2 Qa1 39. a5 Rb7 40. Rxb7
Qxf6 41. a6 Kg7 42. a7 Qa1 43. h5 gxh5 44. Kf4 Kf6 45. Kg3 Qe5+ 0-1

[Event "ESCC 2014 - 50+ Blitz"]
[Site "Porto POR"]
[Date "2014.03.21"]
[Round "1.4"]
[White "Kalegin, Evgenij"]
[Black "Mednikova, Svetlana"]
[Result "1-0"]
[WhiteElo "2433"]
[BlackElo "2125"]
[PlyCount "101"]
[EventDate "2014.??.??"]

1. e4 e5 2. Nf3 Nc6 3. Bb5 a6 4. Ba4 d6 5. Bxc6+ bxc6 6. d4 f6 7. Nc3 Bg4 8.
Be3 Ne7 9. h3 Bh5 10. Qd3 Bf7 11. b3 Ng6 12. g3 Be7 13. h4 Nf8 14. Rd1 Ne6 15.
d5 cxd5 16. Nxd5 O-O 17. h5 Ng5 18. Bxg5 fxg5 19. Qe3 g4 20. Nh4 Be6 21. Nxe7+
Qxe7 22. c4 c6 23. Kf1 Rad8 24. Kg2 Qf6 25. Rd2 d5 26. Rc1 d4 27. Qd3 g5 28.
hxg6 hxg6 29. Re1 g5 30. Nf5 Bxf5 31. exf5 Qxf5 32. Qe2 Qf3+ 33. Kg1 Qxe2 34.
Rexe2 Rde8 35. Re4 Kg7 36. Rxg4 Kg6 37. Kg2 c5 38. Re4 Rf7 39. f3 a5 40. Rde2
Kf6 41. f4 gxf4 42. gxf4 Rfe7 43. Kf3 a4 44. bxa4 Ra7 45. Rxe5 Rxe5 46. Rxe5
Rxa4 47. Rxc5 Rxa2 48. Ke4 Rf2 49. Rd5 Re2+ 50. Kxd4 Ke6 51. Re5+ 1-0

[Event "ESCC 2014 - 50+ Blitz"]
[Site "Porto POR"]
[Date "2014.03.21"]
[Round "1.5"]
[White "Kasoshvili, Tsiala"]
[Black "Fernandes, António"]
[Result "1-0"]
[WhiteElo "2112"]
[BlackElo "2359"]
[PlyCount "46"]
[EventDate "2014.??.??"]

1. d4 d5 2. Nf3 Nf6 3. g3 c6 4. Bg2 Bf5 5. Nbd2 h6 6. O-O e6 7. c4 Nbd7 8. b3
Be7 9. Bb2 O-O 10. Rc1 Qa5 11. Ra1 Rfd8 12. a3 dxc4 13. Nxc4 Qa6 14. Re1 Bh7
15. e3 Rac8 16. Qe2 Qb5 17. Nfd2 c5 18. a4 Qa6 19. Rac1 Nd5 20. Ba3 b6 21. e4
Nb4 22. Bxb4 cxb4 23. Qe3 Qa5 1-0

[Event "ESCC 2014 - 50+ Blitz"]
[Site "Porto POR"]
[Date "2014.03.21"]
[Round "1.6"]
[White "Fróis, António"]
[Black "Ferreira, Paulo"]
[Result "1-0"]
[WhiteElo "2352"]
[BlackElo "2073"]
[PlyCount "97"]
[EventDate "2014.??.??"]

1. e4 c5 2. Nf3 d6 3. c3 Nf6 4. h3 e6 5. Bd3 Nc6 6. O-O Be7 7. Qe2 a6 8. Bc2
Qc7 9. d4 cxd4 10. cxd4 e5 11. d5 Nb8 12. Nc3 O-O 13. Be3 b5 14. Rac1 Qb7 15.
Bb1 Nbd7 16. Rfe1 Nb6 17. Nh4 g6 18. b3 Nh5 19. Nf5 Bxf5 20. exf5 Nf6 21. Bh6
Rfc8 22. fxg6 hxg6 23. Qf3 Nh5 24. Rcd1 Rc7 25. Ne4 Nf4 26. Bxf4 exf4 27. Qxf4
Nxd5 28. Qg3 Nf6 29. Nxd6 Bxd6 30. Rxd6 Re7 31. Red1 Ne4 32. Bxe4 Rxe4 33. Rd8+
Re8 34. R8d7 Re1+ 35. Kh2 Qe4 36. Rd8+ Rxd8 37. Rxd8+ Kg7 38. Qc3+ Qe5+ 39.
Qxe5+ Rxe5 40. Rd6 Re6 41. Rxe6 fxe6 42. Kg3 Kf6 43. Kf4 e5+ 44. Ke4 Ke6 45. g3
a5 46. h4 Kf6 47. g4 Ke6 48. h5 gxh5 49. gxh5 1-0

[Event "ESCC 2014 - 50+ Blitz"]
[Site "Porto POR"]
[Date "2014.03.21"]
[Round "1.7"]
[White "Morais, Vitor"]
[Black "Strutinskaia, Galina"]
[Result "0-1"]
[WhiteElo "1977"]
[BlackElo "2286"]
[PlyCount "116"]
[EventDate "2014.??.??"]

1. e4 c5 2. Nf3 d6 3. Bb5+ Nc6 4. O-O Bd7 5. c3 Qb6 6. a4 Nf6 7. Re1 a6 8. Bf1
Na5 9. d4 Nb3 10. dxc5 dxc5 11. Ra3 Nxc1 12. Qxc1 e6 13. Nbd2 Qc7 14. a5 Be7
15. Nc4 Rd8 16. Nb6 Bc6 17. e5 Nd7 18. Nc4 O-O 19. Qf4 Bd5 20. Bd3 f5 21. Nd6
c4 22. Bb1 Nc5 23. Nd4 Bxd6 24. exd6 Qxd6 25. Qh4 Be4 26. Bxe4 fxe4 27. Re3 e5
28. Rh3 h6 29. b4 cxb3 30. g4 exd4 31. cxd4 Ne6 32. Raxb3 Rd7 33. Qg3 Ng5 34.
Rh5 Qxg3+ 35. hxg3 Rfd8 36. Kg2 Rb8 37. Rb6 Rxd4 38. Kf1 Rd5 39. Ke2 Rxa5 40.
Ke3 Ra3+ 41. Kf4 Rf8+ 42. Ke5 Ra5+ 43. Kd4 Rb5 44. Rg6 Kf7 45. Rd6 Re8 46. Rd5
Rxd5+ 47. Kxd5 a5 48. Kc4 a4 49. Kb4 b5 50. Rh1 e3 51. f4 Ne4 52. Re1 Nxg3 53.
Kxb5 a3 54. Kb4 a2 55. Kb3 Ra8 56. Kb2 e2 57. Ka1 Rd8 58. Kxa2 Rd1 0-1

[Event "ESCC 2014 - 50+ Blitz"]
[Site "Porto POR"]
[Date "2014.03.21"]
[Round "1.8"]
[White "Gurieli, Nino"]
[Black "Baliuniene, Margarita"]
[Result "1-0"]
[WhiteElo "2273"]
[BlackElo "1926"]
[PlyCount "69"]
[EventDate "2014.??.??"]

1. e4 c5 2. c3 d6 3. d4 cxd4 4. cxd4 g6 5. Nc3 Bg7 6. Be3 e6 7. Qd2 Ne7 8. Nf3
Nbc6 9. Be2 d5 10. Bh6 Bxh6 11. Qxh6 dxe4 12. Nxe4 Nf5 13. Qf4 Ncxd4 14. Nxd4
Qxd4 15. O-O Bd7 16. Rfd1 Qb6 17. Nf6+ Ke7 18. Nxd7 Qxb2 19. Bg4 Rad8 20. Bxf5
Rxd7 21. Rxd7+ Kxd7 22. Rd1+ Ke7 23. Qd6+ Kf6 24. Be4 Rc8 25. g3 Qxa2 26. Qd4+
e5 27. Qd6+ Kg7 28. Qxe5+ Kg8 29. Bd5 Qc2 30. Bxf7+ Kf8 31. Qd5 b5 32. Be6 Re8
33. Qd6+ Re7 34. Qd8+ Re8 35. Qf6# 1-0

[Event "ESCC 2014 - 50+ Blitz"]
[Site "Porto POR"]
[Date "2014.03.21"]
[Round "2.1"]
[White "Strutinskaia, Galina"]
[Black "Sturua, Zurab"]
[Result "0-1"]
[WhiteElo "2286"]
[BlackElo "2525"]
[PlyCount "142"]
[EventDate "2014.??.??"]

1. d4 g6 2. e4 d6 3. Nc3 Nf6 4. Bg5 c6 5. Qd2 Nbd7 6. f4 h6 7. Bh4 Qa5 8. Nf3
b5 9. Bd3 b4 10. Ne2 d5 11. Ng3 dxe4 12. Nxe4 Qb6 13. h3 Bg7 14. Bf2 Nd5 15. c4
bxc3 16. bxc3 Qc7 17. Ne5 O-O 18. O-O N7f6 19. Nc5 Nh5 20. Be3 e6 21. c4 Nxe3
22. Qxe3 Rb8 23. Be4 Rb6 24. Rab1 Rd8 25. Rb3 Nf6 26. Bf3 Ne8 27. Ne4 Ba6 28.
Rc1 Bb7 29. c5 Rxb3 30. axb3 Ba6 31. Ra1 Bb5 32. h4 h5 33. Kh2 Nf6 34. Ng5 Rf8
35. Kg1 a6 36. Be4 Nxe4 37. Nxe4 Rd8 38. Ng5 Rf8 39. Qe4 Qd8 40. Rd1 Qd5 41.
Qxd5 exd5 42. Kf2 f6 43. Ne6 fxe5 44. Nxf8 Bxf8 45. fxe5 Be7 46. g3 a5 47. Ra1
Bd8 48. Ke3 Kf7 49. Kf4 Bd3 50. Ra2 Bf5 51. b4 axb4 52. Ra7+ Ke6 53. Rb7 Ba5
54. Rb8 Kd7 55. Kg5 Kc7 56. Ra8 b3 57. Ra7+ Kb8 58. Rxa5 b2 59. Ra6 b1=Q 60.
Rb6+ Qxb6 61. cxb6 Kb7 62. Kf6 Kxb6 63. e6 c5 64. e7 Bd7 65. dxc5+ Kxc5 66.
Kxg6 d4 67. Kxh5 d3 68. g4 d2 69. g5 d1=Q+ 70. Kh6 Qd4 71. Kh7 Qxh4+ 0-1

[Event "ESCC 2014 - 50+ Blitz"]
[Site "Porto POR"]
[Date "2014.03.21"]
[Round "2.2"]
[White "Arkell, Keith C"]
[Black "Gurieli, Nino"]
[Result "1-0"]
[WhiteElo "2433"]
[BlackElo "2273"]
[PlyCount "101"]
[EventDate "2014.??.??"]

1. d4 Nf6 2. Nf3 d6 3. c4 Bg4 4. g3 Bxf3 5. exf3 g6 6. d5 Bg7 7. Nc3 O-O 8. Bg2
c6 9. O-O cxd5 10. cxd5 Nbd7 11. Be3 a6 12. Qd2 Ne5 13. b3 Rc8 14. Rac1 Qa5 15.
h3 Ne8 16. Na4 Qxd2 17. Bxd2 Nf6 18. Nb6 Rb8 19. Rc7 e6 20. f4 Nd3 21. Rd1 exd5
22. Nxd5 Nc5 23. Nb6 Ne8 24. Re7 Bf6 25. Re2 Nc7 26. b4 N5e6 27. Nd7 Bg7 28.
Nxf8 Kxf8 29. Be3 Nb5 30. Rc2 Ke7 31. Bd5 Nc3 32. Rd3 Nc7 33. Bf3 N7b5 34. Bd2
Na4 35. Be3 Rd8 36. Bd5 Rd7 37. Bb3 Nbc3 38. Bd4 Bxd4 39. Rxd4 b5 40. Rd3 Ne4
41. Bxa4 bxa4 42. Re2 f5 43. f3 d5 44. Rd4 Ke6 45. fxe4 fxe4 46. Red2 h5 47.
Kf2 a3 48. Ke3 Rc7 49. Rxd5 Rc3+ 50. Kxe4 Rxg3 51. Rd7 1-0

[Event "ESCC 2014 - 50+ Blitz"]
[Site "Porto POR"]
[Date "2014.03.21"]
[Round "2.3"]
[White "Furman, Boris"]
[Black "Kalegin, Evgenij"]
[Result "0-1"]
[WhiteElo "2225"]
[BlackElo "2433"]
[PlyCount "80"]
[EventDate "2014.??.??"]

1. d4 d6 2. c4 e5 3. Nf3 e4 4. Nfd2 f5 5. e3 Nf6 6. Nc3 c6 7. Be2 Be7 8. O-O
O-O 9. b4 d5 10. c5 g5 11. f3 Be6 12. fxe4 fxe4 13. b5 Qd7 14. bxc6 Nxc6 15.
Rb1 Rf7 16. Rf2 Raf8 17. Nf1 Ng4 18. Rxf7 Rxf7 19. Bxg4 Bxg4 20. Qe1 Bd8 21.
Nb5 Ba5 22. Qg3 Be2 23. Ba3 Qf5 24. h3 Bxb5 25. Nh2 Bd3 26. Ng4 Kg7 27. Rd1 h5
28. Ne5 Nxe5 29. Qxe5+ Qxe5 30. dxe5 Rf5 31. Bb2 Kf7 32. Bd4 Ke6 33. Rc1 Bc7
34. c6 b6 35. a4 Bc4 36. a5 Bxe5 37. axb6 Bxd4 38. exd4 axb6 39. Ra1 Kd6 40.
Ra7 Kxc6 0-1

[Event "ESCC 2014 - 50+ Blitz"]
[Site "Porto POR"]
[Date "2014.03.21"]
[Round "2.4"]
[White "Chireykina, Natalia"]
[Black "Fróis, António"]
[Result "0-1"]
[WhiteElo "1891"]
[BlackElo "2352"]
[PlyCount "100"]
[EventDate "2014.??.??"]

1. e4 c5 2. Nf3 g6 3. d4 cxd4 4. Nxd4 Nc6 5. Nb3 Nf6 6. Nc3 Bg7 7. Be2 a5 8. a4
O-O 9. O-O d6 10. Bg5 Nb4 11. Qd2 Be6 12. Rad1 Qc8 13. Bh6 Bxh6 14. Qxh6 Nxc2
15. f3 Bxb3 16. Rd2 Qc5+ 17. Kh1 Qe3 18. Qxe3 Nxe3 19. Rc1 Rfc8 20. Re1 Nc4 21.
Rd4 Ne5 22. h3 Rc5 23. f4 Nc6 24. Rd2 Nb4 25. Kg1 Rac8 26. Bf1 Bc4 27. e5 dxe5
28. fxe5 Ne8 29. Rd7 Bxf1 30. Kxf1 R5c7 31. Red1 Kf8 32. Nb5 Rxd7 33. Rxd7 Rb8
34. Ke2 Nc6 35. Ke3 Nxe5 36. Rd5 Nc6 37. Rd7 f6 38. g4 Kf7 39. b3 Ke6 40. Rd2
Rd8 41. Rc2 Rd1 42. Ke2 Rh1 43. Rc3 Nd6 44. Nc7+ Kf7 45. Re3 Ne5 46. Kd2 Rh2+
47. Kc3 Rf2 48. Kd4 Rc2 49. Nd5 Rd2+ 50. Kc5 Nd7# 0-1

[Event "ESCC 2014 - 50+ Blitz"]
[Site "Porto POR"]
[Date "2014.03.21"]
[Round "2.5"]
[White "Glek, Igor"]
[Black "Kasoshvili, Tsiala"]
[Result "1-0"]
[WhiteElo "2547"]
[BlackElo "2112"]
[PlyCount "69"]
[EventDate "2014.??.??"]

1. e4 g6 2. d4 Bg7 3. Nc3 d6 4. f4 c6 5. Be3 Nf6 6. Nf3 O-O 7. Bd3 Qc7 8. h3 a6
9. O-O b5 10. e5 Nfd7 11. Ne4 Nb6 12. b3 Bf5 13. g4 Bxe4 14. Bxe4 N8d7 15. Qe1
f6 16. e6 Nb8 17. f5 g5 18. h4 h6 19. Kg2 Nd5 20. Bd2 a5 21. c4 bxc4 22. bxc4
Nb6 23. Bd3 a4 24. Rb1 Qa7 25. Qg3 Na6 26. Rh1 d5 27. c5 Nc4 28. Bxc4 dxc4 29.
hxg5 fxg5 30. Bxg5 hxg5 31. Qh3 Rf6 32. Qh7+ Kf8 33. Ne5 Nxc5 34. dxc5 Qxc5 35.
Nd7+ 1-0

[Event "ESCC 2014 - 50+ Blitz"]
[Site "Porto POR"]
[Date "2014.03.21"]
[Round "2.6"]
[White "Fernandes, António"]
[Black "Mednikova, Svetlana"]
[Result "1-0"]
[WhiteElo "2359"]
[BlackElo "2125"]
[PlyCount "33"]
[EventDate "2014.??.??"]

1. d4 e6 2. e4 d5 3. exd5 exd5 4. c4 dxc4 5. Bxc4 Bd6 6. h3 Nf6 7. Nf3 Qe7+ 8.
Be3 O-O 9. O-O Nc6 10. Re1 Bf5 11. Nc3 a6 12. Bg5 Qd7 13. Bxf6 gxf6 14. Nd5 Kg7
15. Nh4 Ne7 16. Nxe7 Bxe7 17. Rxe7 1-0

[Event "ESCC 2014 - 50+ Blitz"]
[Site "Porto POR"]
[Date "2014.03.21"]
[Round "2.7"]
[White "Bebchuk, Boris"]
[Black "Morais, Vitor"]
[Result "0-1"]
[WhiteElo "2191"]
[BlackElo "1977"]
[PlyCount "103"]
[EventDate "2014.??.??"]

1. d4 Nf6 2. c4 c5 3. d5 e6 4. Nc3 exd5 5. cxd5 d6 6. e4 g6 7. Nf3 Bg7 8. Be2
O-O 9. O-O Re8 10. Nd2 Nbd7 11. Qc2 a6 12. a4 Rb8 13. Nc4 Nb6 14. Na3 Bd7 15.
h3 Na8 16. Bf4 Qe7 17. Rfe1 Nc7 18. Nc4 Nxe4 19. Bf3 Bxc3 20. Rxe4 Qf6 21. Bxd6
Rxe4 22. Bxe4 Bd4 23. Bxc7 Re8 24. Bg3 b5 25. axb5 axb5 26. Nd6 Rd8 27. Ra2 c4
28. Bf3 Be8 29. Nxe8 Rxe8 30. d6 Be5 31. d7 Rd8 32. Bxe5 Qxe5 33. Qd2 b4 34.
Ra1 c3 35. bxc3 bxc3 36. Qe3 Qxe3 37. fxe3 Rxd7 38. Rc1 Rd3 39. Kf2 Rd2+ 40.
Be2 c2 41. Ke1 Rd7 42. Rxc2 Re7 43. Kf2 f5 44. Rb2 Kg7 45. Bf3 Kf6 46. h4 h6
47. Rb6+ Kg7 48. Rb7 g5 49. Rxe7+ Kf6 50. Rh7 g4 51. Bxg4 fxg4 52. Rxh6+ 0-1

[Event "ESCC 2014 - 50+ Blitz"]
[Site "Porto POR"]
[Date "2014.03.21"]
[Round "2.8"]
[White "Ferreira, Paulo"]
[Black "Bogumil, Tatiana"]
[Result "1-0"]
[WhiteElo "2073"]
[BlackElo "2159"]
[PlyCount "120"]
[EventDate "2014.??.??"]

1. d4 Nf6 2. c3 g6 3. f3 d5 4. Bg5 Bg7 5. Nd2 O-O 6. e4 dxe4 7. fxe4 c5 8. e5
Ne8 9. Ngf3 cxd4 10. cxd4 h6 11. Bf4 Bf5 12. Qb3 e6 13. Bd3 Bxd3 14. Qxd3 Nc6
15. Qe4 Rc8 16. O-O Nc7 17. Nc4 Nd5 18. Nd6 Rc7 19. Bg3 Nce7 20. Rac1 Qd7 21.
Bf2 Nc8 22. Nc4 b5 23. Ne3 Ncb6 24. b3 Rfc8 25. Rxc7 Qxc7 26. Ng4 Qc2 27. Qxc2
Rxc2 28. Ra1 b4 29. Ne3 Nxe3 30. Bxe3 Nd5 31. Bf2 Bf8 32. Ne1 Rc8 33. Nd3 Nc3
34. Be1 Ne2+ 35. Kf2 Nxd4 36. Nxb4 Bc5 37. Kf1 Nf5 38. Rc1 Ne7 39. Nd3 Bd4 40.
Rxc8+ Nxc8 41. Ke2 Nb6 42. Kf3 Nd7 43. Ke4 Bg1 44. h3 Kg7 45. b4 Nb6 46. b5 Nd5
47. Nb4 Nxb4 48. Bxb4 f5+ 49. exf6+ Kxf6 50. Bc3+ Ke7 51. a4 h5 52. a5 Kd6 53.
Bb4+ Kd7 54. Ke5 h4 55. Kf6 Bf2 56. Kxg6 Be3 57. Kh5 e5 58. Kg4 Ke6 59. Be1 Kd5
60. b6 Kc4 1-0

[Event "ESCC 2014 - 50+ Blitz"]
[Site "Porto POR"]
[Date "2014.03.21"]
[Round "3.1"]
[White "Sturua, Zurab"]
[Black "Kalegin, Evgenij"]
[Result "1-0"]
[WhiteElo "2525"]
[BlackElo "2433"]
[PlyCount "81"]
[EventDate "2014.??.??"]

1. g3 e5 2. Bg2 d6 3. c4 Nc6 4. Nc3 g6 5. e4 Bg7 6. Nge2 Nf6 7. d3 O-O 8. O-O
a6 9. h3 Rb8 10. a4 a5 11. Be3 Nd7 12. Qd2 Nc5 13. Rad1 Ne6 14. f4 Ned4 15. Kh2
Be6 16. Nd5 Qd7 17. Nxd4 exd4 18. Bg1 f5 19. exf5 gxf5 20. Rde1 Rbe8 21. Bf3
Kh8 22. Qg2 Rg8 23. b3 Nd8 24. Qd2 b6 25. Re2 Bf7 26. Rfe1 Rxe2+ 27. Rxe2 Re8
28. Rxe8+ Bxe8 29. Qe2 Ne6 30. Bh5 Bxh5 31. Qxh5 Nc5 32. Nxc7 Nxd3 33. Ne8 Nc5
34. Nxg7 Kxg7 35. Bxd4+ Kg8 36. Qg5+ Kf8 37. Qf6+ Ke8 38. Qh8+ Ke7 39. Qxh7+
Kd8 40. Qxd7+ Kxd7 41. Bxc5 1-0

[Event "ESCC 2014 - 50+ Blitz"]
[Site "Porto POR"]
[Date "2014.03.21"]
[Round "3.2"]
[White "Fróis, António"]
[Black "Arkell, Keith C"]
[Result "1-0"]
[WhiteElo "2352"]
[BlackElo "2433"]
[PlyCount "89"]
[EventDate "2014.??.??"]

1. Nf3 b5 2. g3 Bb7 3. Bg2 e6 4. O-O Nf6 5. b3 b4 6. Bb2 Be7 7. d3 d5 8. Nbd2
Nbd7 9. Re1 O-O 10. c3 bxc3 11. Bxc3 a5 12. Qc2 Bb4 13. Bb2 a4 14. a3 axb3 15.
Qxb3 Bxd2 16. Nxd2 Bc6 17. Rec1 Ba4 18. Qc3 c5 19. Nf3 Qa5 20. Ne5 Qxc3 21.
Bxc3 Ra7 22. Nxd7 Nxd7 23. Bd2 h6 24. Rcb1 Rfa8 25. f4 Bc6 26. Bc1 Ra6 27. Kf2
f6 28. Rb3 Kf7 29. Rab1 e5 30. fxe5 fxe5 31. Bh3 Nf6 32. Bg2 Ke6 33. Rb8 Rxb8
34. Rxb8 d4 35. Bh3+ Kd6 36. Rd8+ Bd7 37. Bxd7 Nxd7 38. Rg8 Nf6 39. Rxg7 Kd5
40. Bxh6 Rxa3 41. Rg6 Ne8 42. Bf8 c4 43. Bxa3 c3 44. h4 Nc7 45. Rd6# 1-0

[Event "ESCC 2014 - 50+ Blitz"]
[Site "Porto POR"]
[Date "2014.03.21"]
[Round "3.3"]
[White "Bebchuk, Boris"]
[Black "Glek, Igor"]
[Result "0-1"]
[WhiteElo "2191"]
[BlackElo "2547"]
[PlyCount "52"]
[EventDate "2014.??.??"]

1. d4 Nf6 2. c4 g6 3. Nc3 Bg7 4. Nf3 O-O 5. g3 d5 6. cxd5 Nxd5 7. Bg2 c5 8. O-O
Nxc3 9. bxc3 Qa5 10. Bd2 Nc6 11. e4 Bg4 12. h3 Bxf3 13. Bxf3 cxd4 14. cxd4 Qd8
15. d5 Ne5 16. Bg2 Nc4 17. Rb1 Qd7 18. Bf4 b5 19. Qe2 Rac8 20. Rfd1 a6 21. Kh2
Rfd8 22. h4 Rc5 23. h5 Be5 24. hxg6 hxg6 25. Bg5 Kg7 26. Kg1 Rh8 0-1

[Event "ESCC 2014 - 50+ Blitz"]
[Site "Porto POR"]
[Date "2014.03.21"]
[Round "3.4"]
[White "Ferreira, Paulo"]
[Black "Fernandes, António"]
[Result "1-0"]
[WhiteElo "2073"]
[BlackElo "2359"]
[PlyCount "54"]
[EventDate "2014.??.??"]

1. d4 Nf6 2. c3 g6 3. f3 c5 4. e4 Bg7 5. Be3 cxd4 6. cxd4 Qb6 7. Qd2 d5 8. e5
Ng8 9. Nc3 e6 10. Rc1 Bd7 11. h4 h5 12. Nh3 Ne7 13. Bd3 Nbc6 14. Bb1 Nf5 15.
Bxf5 gxf5 16. Nf4 Rc8 17. O-O Bf8 18. Nfxd5 exd5 19. Nxd5 Qa5 20. Nf6+ Kd8 21.
Qe2 Be7 22. Bg5 Qb6 23. Be3 Qa6 24. Qf2 Nb4 25. Rxc8+ Bxc8 26. Bg5 Qb6 27. d5
Bc5 1-0

[Event "ESCC 2014 - 50+ Blitz"]
[Site "Porto POR"]
[Date "2014.03.21"]
[Round "3.5"]
[White "Kasoshvili, Tsiala"]
[Black "Strutinskaia, Galina"]
[Result "0-1"]
[WhiteElo "2112"]
[BlackElo "2286"]
[PlyCount "66"]
[EventDate "2014.??.??"]

1. d4 Nf6 2. Nf3 e6 3. g3 c5 4. Bg2 Nc6 5. c4 cxd4 6. Nxd4 Qb6 7. Nc2 Ne5 8. b3
d5 9. cxd5 exd5 10. O-O Be6 11. Bb2 Bd6 12. Nc3 Rd8 13. Nd4 O-O 14. h3 Bb8 15.
e3 a6 16. Qe2 Rfe8 17. Rfd1 Qd6 18. Rac1 Qd7 19. Na4 Bxh3 20. Nc5 Qg4 21. Nxb7
Rc8 22. Nc5 a5 23. Nf3 Bxg2 24. Kxg2 h5 25. Rd2 Ng6 26. Rd4 Ne4 27. Nxe4 dxe4
28. Ng1 Rxc1 29. Bxc1 Nh4+ 30. Kf1 Nf3 31. Nxf3 exf3 32. Rxg4 fxe2+ 33. Kxe2
hxg4 0-1

[Event "ESCC 2014 - 50+ Blitz"]
[Site "Porto POR"]
[Date "2014.03.21"]
[Round "3.6"]
[White "Gurieli, Nino"]
[Black "Chireykina, Natalia"]
[Result "1-0"]
[WhiteElo "2273"]
[BlackElo "1891"]
[PlyCount "75"]
[EventDate "2014.??.??"]

1. e4 c5 2. Nf3 Nc6 3. c3 g6 4. d4 Bg7 5. d5 Ne5 6. Nxe5 Bxe5 7. Be2 Qc7 8. Be3
d6 9. Nd2 f5 10. exf5 Bxf5 11. O-O O-O-O 12. Nc4 Bg7 13. Bg4 Qd7 14. Bxf5 Qxf5
15. Qa4 Kb8 16. b4 Qxd5 17. bxc5 Qc6 18. Qxc6 bxc6 19. Rab1+ Kc7 20. cxd6+ exd6
21. Bxa7 Bxc3 22. Bb6+ Kd7 23. Bxd8 Kxd8 24. Nxd6 Ne7 25. Nf7+ Kd7 26. Nxh8
Bxh8 27. Rfd1+ Kc7 28. a4 Bc3 29. g3 Nd5 30. Kg2 Ba5 31. Rxd5 cxd5 32. Rb5 Bb6
33. Rxd5 Kb7 34. Rb5 Kc6 35. Rxb6+ Kxb6 36. f4 Ka5 37. g4 Kxa4 38. f5 1-0

[Event "ESCC 2014 - 50+ Blitz"]
[Site "Porto POR"]
[Date "2014.03.21"]
[Round "3.7"]
[White "Baliuniene, Margarita"]
[Black "Furman, Boris"]
[Result "1/2-1/2"]
[WhiteElo "1926"]
[BlackElo "2225"]
[PlyCount "82"]
[EventDate "2014.??.??"]

1. d4 Nf6 2. c4 e6 3. Nf3 d5 4. Nc3 Bb4 5. e3 O-O 6. Bd3 Nc6 7. O-O a6 8. c5 b6
9. cxb6 cxb6 10. a3 Bd6 11. b4 Ne7 12. Bb2 Ng6 13. Qb3 Bd7 14. b5 a5 15. Na4
Qb8 16. Rac1 Qb7 17. Rc2 Ne4 18. Rfc1 f5 19. Ne5 Bxe5 20. dxe5 Rac8 21. Bd4
Rxc2 22. Rxc2 Rc8 23. f3 Nc5 24. Bxc5 bxc5 25. Nxc5 Qb6 26. Nxd7 Qxe3+ 27. Kf1
Rxc2 28. Qxc2 Nf4 29. Be2 Qxa3 30. b6 Qa1+ 31. Kf2 Qd4+ 32. Kg3 Nh5+ 33. Kh3
Nf4+ 34. Kg3 Nh5+ 35. Kh3 Nf4+ 36. Kh4 Nxe2+ 37. Kh3 Nf4+ 38. Kg3 Nh5+ 39. Kh3
Nf4+ 40. Kg3 Nh5+ 41. Kh3 Nf4+ 1/2-1/2

[Event "ESCC 2014 - 50+ Blitz"]
[Site "Porto POR"]
[Date "2014.03.21"]
[Round "3.8"]
[White "Mednikova, Svetlana"]
[Black "Bogumil, Tatiana"]
[Result "0-1"]
[WhiteElo "2125"]
[BlackElo "2159"]
[PlyCount "99"]
[EventDate "2014.??.??"]

1. e4 e5 2. Nc3 Nc6 3. g3 g6 4. Bg2 Bg7 5. Nge2 Nge7 6. O-O O-O 7. d3 h6 8. Be3
d6 9. Qd2 Kh7 10. d4 a6 11. d5 Nb8 12. f4 exf4 13. Nxf4 Nd7 14. Rab1 Ne5 15. b3
Ng8 16. Nce2 Bg4 17. c4 b6 18. h3 Bxe2 19. Qxe2 a5 20. Kh2 Nf6 21. Nd3 Nfd7 22.
Rbc1 Qe7 23. a3 Nxd3 24. Qxd3 Nc5 25. Qc2 Be5 26. Bf4 Rae8 27. b4 axb4 28. axb4
Nd7 29. Bxe5 Qxe5 30. Qc3 Qxc3 31. Rxc3 Ra8 32. c5 bxc5 33. bxc5 Nxc5 34. e5
Kg7 35. exd6 cxd6 36. Rb1 Ra2 37. Kg1 Rfa8 38. Rf3 Ra1 39. Rxa1 Rxa1+ 40. Kh2
f5 41. Re3 Kf6 42. Re8 Ra2 43. Kg1 Rd2 44. g4 fxg4 45. hxg4 Ra2 46. Rh8 Kg5 47.
Rh7 Ra6 48. Rh8 Nd3 49. Be4 Ne5 50. Rg8 0-1

[Event "ESCC 2014 - 50+ Blitz"]
[Site "Porto POR"]
[Date "2014.03.21"]
[Round "4.1"]
[White "Fróis, António"]
[Black "Sturua, Zurab"]
[Result "1/2-1/2"]
[WhiteElo "2352"]
[BlackElo "2525"]
[PlyCount "175"]
[EventDate "2014.??.??"]

1. Nf3 Nf6 2. c4 b6 3. g3 Bb7 4. Bg2 e6 5. O-O Be7 6. Nc3 O-O 7. d4 Ne4 8. Bd2
Bf6 9. Rc1 d6 10. Qc2 Nxd2 11. Qxd2 Nd7 12. Rfd1 g6 13. Qc2 Bg7 14. a3 a6 15.
Ne1 c6 16. Nf3 Rc8 17. Qd3 Qe7 18. Qe3 Rfe8 19. h3 b5 20. Nd2 Ba8 21. Qd3 c5
22. Bxa8 cxd4 23. Nxb5 axb5 24. Bg2 Ne5 25. Qb3 Bh6 26. f4 bxc4 27. Nxc4 Rb8
28. Qa2 Nxc4 29. Rxc4 d5 30. Rcxd4 Bg7 31. R4d2 Rec8 32. b4 Rc3 33. Rd3 Qa7+
34. Kh2 Rxd3 35. Rxd3 Rxb4 36. Rb3 Ra4 37. h4 Bf8 38. Qb2 Rxa3 39. Rxa3 Bxa3
40. Qd2 Qf2 41. Qd3 Bc5 42. Qf3 Qg1+ 43. Kh3 h5 44. Qf1 Qe3 45. Qf3 Qc1 46. Qf1
Qc3 47. Qf3 Be3 48. Qf1 Kg7 49. Bf3 Kf6 50. Qd1 Bd4 51. Qd3 Qxd3 52. exd3 Ke7
53. g4 hxg4+ 54. Bxg4 f5 55. Bd1 Kf6 56. Kg3 Bc3 57. Kg2 Bd2 58. Kg3 Be1+ 59.
Kh3 Bf2 60. Ba4 Ke7 61. Bb5 Be3 62. Kg3 Bd2 63. Ba4 Be1+ 64. Kh3 Bc3 65. Kg3
Bg7 66. Kf3 Bh6 67. Kg3 Kf6 68. Kf3 Bf8 69. Kg3 Bb4 70. Kh3 Be1 71. Be8 Kg7 72.
Bd7 Bd2 73. Kg3 Kf6 74. Be8 Bc3 75. Kh3 e5 76. fxe5+ Bxe5 77. Bc6 d4 78. Bd5
Bf4 79. Bc4 Bd2 80. Bb5 Be1 81. Be8 Kg7 82. Bb5 Kh6 83. Bc6 Bf2 84. Bf3 g5 85.
hxg5+ Kxg5 86. Kg2 Bh4 87. Kf1 Kf4 88. Ke2 1/2-1/2